| 000 | 02273nam a22003137a 4500 | ||
|---|---|---|---|
| 999 |
_c58361 _d58361 |
||
| 003 | Ge_BSU | ||
| 005 | 20211130144301.0 | ||
| 008 | 211130s2019ge xxu||||| |||| 00| 0 geo d | ||
| 020 | _a9789941488368 | ||
| 041 | _ageo | ||
| 080 | _a378.4(479.223) (063) ს90 | ||
| 245 |
_aსტუდენტური საუნივერსიტეტო სამეცნიერო კონფერენციის ნაშრომთა კრებული : _b25-26 2019 წელი / _cრედ. მამია ფაღავა ; სარედ.კოლეგ. მარინე გიორგაძე ; ვლადიმერ ღლონტი ; მარინა ქორიძე ; [და სხვ] |
||
| 264 |
_aბათუმი : _bბათუმის შოთა რუსთაველის სახელმწიფო უნ-ტი, _c2019. |
||
| 300 |
_a555 გვ.: _c24 სმ. |
||
| 653 | _a ბათუმის შოთა რუსთაველის სახელმწიფო უნივერსიტეტის სტუდენტური საუნივერსიტეტო სამეცნიერო კონფერენციის ნაშრომთა კრებული | ||
| 653 | _aზუსტი მეცნიერება | ||
| 653 | _aპედაგოგიკა | ||
| 653 | _aეკონომიკა | ||
| 653 | _aბიზნესის ადმინისტრირება | ||
| 653 | _aფინანსები | ||
| 653 | _aტურიზმი | ||
| 653 | _aსამართალი და სხვ | ||
| 700 |
_a ფაღავა, მამია _eრედაქტორი _913122 |
||
| 700 |
_aგიორგაძე, მარინე _eსარედაქციო კოლეგია _913123 |
||
| 700 |
_aღლონტი, ვლადიმერ _eსარედაქციო კოლეგია _9907 |
||
| 700 |
_a ქორიძე, მარინა _eსარედაქციო კოლეგია _913124 |
||
| 710 |
_a ბათუმის შოთა რუსთაველის სახელმწიფო უნივერსიტეტი _913125 |
||
| 942 |
_2udc _cBK |
||